Statistics for Rock Albums #4

Click here to take the quiz!

General Stats

  • This quiz has been taken 34 times
  • The average score is 7 of 20

Answer Stats

AlbumYear of ReleaseArtist% Correct
Californication1999Red Hot Chili Peppers
87%
Schools Out1972Alice Cooper
81%
Dookie1994Green Day
81%
Skid Row1989Skid Row
77%
My Generation1965The Who
74%
British Steel1980Judas Priest
61%
Lick it up1983Kiss
55%
Rocket To Russia1977Ramones
39%
Follow the Leader1998Korn
26%
Roots1996Sepultura
23%
All hope is gone2008Slipknot
23%
Rock Beliver2022Scorpions
16%
Medicine at Midnight2021Foo fighters
13%
The Electric Warlock Acid Witch Satanic Orgy Celebration Dispenser2016Rob Zombie
13%
Songs Of Innocence2014U2
13%
Black Metal1982Venom
13%
Demigod2004Behemoth
10%
Now, Diabolical2006Satyricon
10%
Take me back to Eden2023Sleep Token
10%
Haunted1995Six Feet Under
6%

Score Distribution

Percentile by Number Answered

Percent of People with Each Score

Your Score History

You have not taken this quiz